| 000 | 00585nam a22002177a 4500 | ||
|---|---|---|---|
| 003 | OSt | ||
| 005 | 20140312144823.0 | ||
| 008 | 131008t xxu||||| |||| 00| 0 eng d | ||
| 020 | _a9780545021340 | ||
| 050 |
_aPZ 7 _b.St857g34 2008 |
||
| 100 | _aStilton, Geronimo | ||
| 245 |
_aGeronimo Stilton, secret agent / _bGeronimo Stilton. |
||
| 260 |
_aNew York : _bScholastic Inc., _c2008. |
||
| 300 |
_a109 p. : _bill. col. ; _c20 cm. |
||
| 440 |
_aGeronimo Stilton _n#34 |
||
| 521 | _aG2 | ||
| 526 | _c490 | ||
| 650 |
_aFiction _xJuvenile _926638 |
||
| 942 |
_2lcc _cBK |
||
| 999 |
_c42970 _d42970 |
||